000 00997nam a22003017a 4500
001 3420
003 FISKH
005 20250605085015.0
008 240304b cb ||||| |||| 00| 0 eng d
020 _a708431390270
040 _aFISKH
_beng
_cFISKH
_dFISKH
050 _aPZ7.C88135
082 _a813.54
100 _aCronin, Doreen
245 _aClick, clack, moo :
_bCows that type /
_cby Doreen Cronin ; picture by Betsy Lewin
260 _aCalifornia :
_bLeapFrog Enterprise Inc,
_c2007.
300 _a29 pages :
_bcolor illustrations ;
_c25 cm .
490 _a A Click, Clack Book
505 _aJ
520 _aWhen Farmer Brown's cows find a typewriter in the barn they start making demands, and go on strike when the farmer refuses to give them what they want.
521 8 _a470
_bLexile
521 8 _aJ
_bRaz-Plus
600 _2animals
_vFiction
650 _acows
_vFiction
700 _aLewin, Betsy
_eillustrator
942 _2ddc
_cBK
_n0
999 _c3420
_d3420